000 00681nam a2200241 i 4500
001 C2-0319577
003 PPAK
005 20180728115249.0
008 121105s2009 xxka|||| ||||| | eng d
020 _a9780702029929
040 _aPPAK
_beng
_cPPAK
_erda
082 0 4 _a616.075
_223
090 0 0 _a616.075
_bKUM
_dR
245 0 0 _aKumar & Clark's clinical medicine
264 1 _aEdinburgh :
_bSaunders Elsevier ,
_c2009
300 _axii, 1343 pages :
_bcolour illustrations ;
_c28 cm
336 _2rdacontent
_atext
337 _2rdamedia
_aunmediated
338 _2rdacarrier
_avolume
650 1 0 _aClinical medicine
700 0 _aParveen Kumar,
_eeditor
942 _ddc
_cB
999 _c120393
_d120393